Cars - Grand Quiz - De A à Z - Statistiques

Statistiques générales
  • Ce quiz a été pris 674 fois
  • Le résultat moyen est 13 sur 26
Statistiques - réponses
Description Réponse % Correct
D Equipe dans laquelle se trouve le "King" Dinoco
94%
C Voiture de course verte qui apparaît comme le rival et l'ennemi juré de Flash McQueen Chick Hicks
87%
M Vieille dépanneuse rouillée qui devient le meilleur ami de Flash Martin
85%
G Petit chariot élévateur italien, il est l'assistant et le meilleur ami de Luigi Guido
82%
P Prestigieuse coupe consistant en une série de courses en circuit Piston Cup
82%
S Porsche bleue qui est avocate et conjointe de Flash Sally Carrera
82%
A Dans Cars 2, carburant censé être plus écologique mais dangereux Allinol
81%
B Nom du film au Québec Les Bagnoles
81%
R Ville fictive, située sur la Route 66, où se déroule la majorité du film Radiator Springs
80%
T Ville où se déroule la première course de Cars 2 Tokyo
70%
F Motorama verte qui est lapropriétaire du café V8 local et la femme de Ramone Flo
65%
J Véhicule ultra-technologique qui met fin à la série de victoires de Flash dans Cars 3 Jackson Storm
65%
H Agente secrète qui assiste Finn McMissile dans ses missions Holley Shiftwell
57%
K Surnom du personnage Strip Weathers Le King
55%
W Coupe internationale disputée dans Cars 2 World Grand Prix (WGP)
49%
Z Dirigeant du groupe de voitures terroristes dans Cars 2 Professeur Zündapp
42%
L Vieille Ford T noire, veuve de Stanley, le créateur du village Lizzie
40%
N Carburants spécial notamment utilisé par Chick Hicks pour augmenter sa vitesse Nitro-fuel
23%
E Dans Planes, avion mexicain excentrique mais loyal envers le héros Dusty El Chupacabra
15%
O Voix originale du personnage de Flash dans les 3 opus (prénom en O) Owen Wilson
15%
V Avto Trunkov bleue, il est le chef de la famille criminelle Trunkov dans Cars 2 Vladimir Trunkov
12%
I Dans Planes, championne indienne de qui Dusty tombe amoureux Ishani
6%
Y Chanson du groupe "The Cars" reprise par "Weezer" qui ouvre Cars 2 You Might Think
6%
Q Alex _____ est un coureur de la Piston Cup, il arrête sa carrière après un crash avec Ross Gould en 1988 Alex Quint
2%
U Elément de haute technologique de transmission de données utilisé par les voitures les plus modernes dans Cars 3 U-Stream
0%
X Série de courses extrêmes défiant les lois de la vitesse grâce à la technologie dans Cars 3 Xtreme Racing Series (XRS)
0%
Aucun quiz correspondant
Distribution des résultats
% des personnes avec chaque résultat
Percentile par nombre de réponses
Votre historique - résultats
Vous n’avez pas pris ce quiz